000 00340 a2200157 4500
001 192897
020 _a978-85-16-08566-7
040 _cMagnum
100 _aCarrasco, Walcyr
240 1 0 _aAnjo de quatro patas
_lpor
245 1 0 _aAnjo de quatro patas
300 _a184
362 0 _a2013
697 _aLITERATURA JUVENIL
942 _cBK
999 _c192897
_d192897